000 00404nam a2200169Ia 4500
005 20250423094536.0
008 250422s9999 xx 000 0 und d
020 _a0- 02- 399345- 6
050 _aQC173.55.R4525/
100 _aRobert Resnick
245 0 _aBasic concepts in relativity
260 _bMacmillan
260 _c1992
300 _a192 p
650 _aRelatively (physics)
942 _cBK
999 _c27548
_d27548